Countries Under 5M People - Tile Select - Statistics

General Stats
  • This quiz has been taken 12 times
  • The average score is 18 of 25
Answer Stats
Question Tile Select % Correct
Countries with less than 5 million residents. Palau Yes
100%
Countries with less than 5 million residents. United Arab Emirates No
100%
Countries with less than 5 million residents. Finland No
91%
Countries with less than 5 million residents. Kyrgyzstan No
91%
Countries with less than 5 million residents. Libya No
91%
Countries with less than 5 million residents. Switzerland No
91%
Countries with less than 5 million residents. The Gambia Yes
91%
Countries with less than 5 million residents. Turkmenistan No
91%
Countries with less than 5 million residents. Laos No
82%
Countries with less than 5 million residents. Lebanon No
82%
Countries with less than 5 million residents. Moldova Yes
82%
Countries with less than 5 million residents. Burundi No
73%
Countries with less than 5 million residents. Guinea-Bissau Yes
73%
Countries with less than 5 million residents. Guyana Yes
73%
Countries with less than 5 million residents. Ireland No
73%
Countries with less than 5 million residents. Mongolia Yes
64%
Countries with less than 5 million residents. New Zealand No
64%
Countries with less than 5 million residents. Oman Yes
64%
Countries with less than 5 million residents. Singapore No
64%
Countries with less than 5 million residents. Botswana Yes
55%
Countries with less than 5 million residents. Namibia Yes
45%
Countries with less than 5 million residents. Uruguay Yes
45%
Countries with less than 5 million residents. Gabon Yes
36%
Countries with less than 5 million residents. Georgia No
27%
Countries with less than 5 million residents. Mauritania Yes
27%
No matching quizzes found
Score Distribution
Percent of People with Each Score
Percentile by Number Answered
Your Score History
You have not taken this quiz